|
|
|
|
| LEADER |
00000cam a2200000 i 4500 |
| 001 |
1/98067 |
| 008 |
950228s1990 gre d |
| 035 |
|
|
|l 10010796
|
| 040 |
|
|
|a GR-MY-UA
|b gre
|e aacr
|
| 041 |
0 |
|
|a gre
|
| 082 |
0 |
|
|a 363.5
|
| 100 |
1 |
|
|a Μαλούτας, Θωμάς.
|
| 245 |
1 |
0 |
|a Αθήνα-κατοικία-οικογένεια :
|b ανάλυση των μεταπολεμικών πρακτικών στέγασης /
|c Θωμάς Μαλούτας
|
| 260 |
|
|
|a Αθήνα :
|b Εξαντας,
|c 1990
|
| 300 |
|
|
|a 420 σ.
|
| 650 |
0 |
0 |
|a Housing
|z Greece
|z Athenes.
|
| 650 |
0 |
0 |
|a Families
|z Greece
|z Athens.
|
| 852 |
|
|
|a INST
|b CHIOS
|e 19981210
|h 363.5 ΜΑΛ
|p 005200011580
|q 005200011580
|t BK
|y 0
|
| 852 |
|
|
|a INST
|b LESVOS
|e 19950228
|h 363.5 ΜΑΛ
|p 005100002641
|q 005100002641
|t BK
|y 0
|
| 852 |
|
|
|a INST
|b LESVOS
|e 20141022
|h 363.5 ΜΑΛ
|p 005100055887
|q 005100055887
|t BK
|y 0
|
| 901 |
|
|
|a BIBL1-2014-3
|
| 909 |
|
|
|a Λ
|b 027184
|
| 909 |
|
|
|a X
|b 045281
|
| 909 |
|
|
|a Λ
|b 190917
|
| 922 |
|
|
|a 1ΕΛΗ
|b 199305
|c ΠΠ/3143
|
| 922 |
|
|
|a 2ΕΛΗ
|b 199604
|c ΣΤΟΓΙΑΝΝΙΔΟΥ
|